LDR 00635naa#a2200169#i#450# 001 EN\\bibl\121510 005 20260502125643.6 011 ## _a0320-3557 100 ## _a20251220b2025####ek#y0engy0150####ca 102 ## _aRU 200 1# _aINFLUENCE OF SIZE, SEX AND AGE ON INDIVIDUAL VARIABILITY OF LEUCOCYTE FORMULA OF BREAM ABRAMIS BRAMA LIVING IN IVANKOVSKOYE RESERVOIR _eJournal article 210 1# _aBorok _cPapanin Institute for Biology of Inland Waters Russian Academy of Sciences _d2025 215 ## _a12 с. 608 ## _aJournal article _2local 675 ## _a(Cyprinidae. Карповые). 597.554.3 _z 700 #1 _aSuvorova _gT. 856 4# _aibiw.editorum.ru _u